000
00307nam a22001457a 4500
008
230516b ||||| |||| 00| 0 eng d
020
_a
9780300093063
041
_a
eng
080
_a
781
082
_a
781TOM
100
_a
21
101
_a
MUZIK
245
_a
PIANO ROLES
_c
TOMMASINI.A
942
_2
udc
_c
BK
999
_c
59740
_d
59740